000 00587nam a2200169Ia 4500
008 090711s9999 xx 000 0 und d
082 _b71513
100 _aदेसाई नयनतारा
245 _aपराक्रमाSाी शर्थ जाहली
260 _c1993
300 _a281
600 _aदेसाई नयनतारा
630 _aपराक्रमाSाी शर्थ जाहली
700 _aदेसाई नयनतारा
730 _aपराक्रमाSाी शर्थ जाहली
942 _cBOOK
999 _c304127
_d304127